000 00192nam a22000857a 4500
008 170429b xxu||||| |||| 00| 0 eng d
100 _93093
_aArora
245 _aScience Biology
260 _aNew Delhi
999 _c6380
_d6380